| 000 | 00351nam a2200109Ia 4500 | ||
|---|---|---|---|
| 008 | 220216s9999 xx 000 0 und d | ||
| 100 | _aStevenson A | ||
| 245 | 0 | _aRubber in offshore engineering | |
| 260 | _bProceedings of the International Rubber Conference, Kuala Lumpur, Malaysia, V.2. 1985; p645-676 | ||
| 650 | _aOffshore engineering | ||
| 942 | _cJS | ||
| 999 |
_c67684 _d67684 |
||